How much stuff? - Statistics

General Stats
  • This quiz has been taken 12 times
  • The average score is 4 of 6
Answer Stats
Question Answer % Correct
How many days are there in a year? 365
100%
How many days are there in a leap year? 366
100%
How many countries are there in the world? 197, or 196, or 195, or 193
70%
How many countries are there in the European Union? 27
70%
How many volcanoes are there in the ring of fire? 452
30%
How many episodes are there in Numberblocks? 90
10%
No matching quizzes found
Score Distribution
Percent of People with Each Score
Percentile by Number Answered
Your Score History
You have not taken this quiz